El enigma de la muchacha dormida / (Record no. 155539)

MARC details
000 -CABECERA
campo de control de longitud fija 00707nam a2200229 u 4500
005 - FECHA Y HORA DE LA ÚLTIMA TRANSACCIÓN
campo de control 20240228063642.0
008 - ELEMENTOS DE LONGITUD FIJA--INFORMACIÓN GENERAL
campo de control de longitud fija 120215s2006 es r 000 0 spa d
020 ## - NÚMERO INTERNACIONAL NORMALIZADO PARA LIBROS
Número Internacional Estándar del Libro 8421622730
035 ## - NÚMERO DE CONTROL DEL SISTEMA
Número de control de sistema UPN01000183436
049 ## - COLECCIÓN
Colección I
050 #4 - SIGNATURA TOPOGRÁFICA DE LA BIBLIOTECA DEL CONGRESO
Número de clasificación PQ6657 I8.2
Número de documento/Ítem E5.4 2006
100 1# - ASIENTO PRINCIPAL--NOMBRE PERSONAL
Nombre de persona Gisbert, Joan Manuel,
Fechas asociadas al nombre 1949-
9 (RLIN) 32067
245 13 - MENCIÓN DE TÍTULO
Título El enigma de la muchacha dormida /
Mención de responsabilidad, etc. Joan Manuel Gisbert ; il. Ma. Luisa Flores.
250 ## - MENCIÓN DE EDICIÓN
Mención de edición 7a ed.
260 ## - PUBLICACIÓN, DISTRIBUCIÓN, ETC.
Lugar de publicación, distribución, etc. Madrid :
Nombre del editor, distribuidor, etc. Bruño,
Fecha de publicación, distribución, etc. 2006.
300 ## - DESCRIPCIÓN FÍSICA
Extensión 193 p. :
Otras características físicas il.
440 #0 - MENCIÓN DE SERIE/ASIENTO SECUNDARIO--TÍTULO
Título Alta mar.
Nombre de parte o sección de la obra Aventuras ;
Designación de volumen o secuencia 80
586 ## - NOTA DE PREMIOS
Nota de premios Premio Nacional de Literatura Infantil y Juvenil
650 #4 - ASIENTO SECUNDARIO DE MATERIA - TERMINO TEMATICO
Término de materia o nombre geográfico como elemento de entrada Literatura infantil española
9 (RLIN) 5892
905 ## - TIPO DE MATERIAL
Tipo de material Infantil
Holdings
Estado de retiro Estado de pérdida Fuente del sistema de clasificación o colocación Estado dañado No para préstamo Código de colección Localización permanente Ubicación/localización actual Ubicación en estantería Fecha de adquisición Clasificación Código de barras Fecha visto por última vez Número de copia Tipo de ítem Koha
    Library of Congress Classification     Infantil Bib. Gregorio Torres Quintero Bib. Gregorio Torres Quintero Sala infantil Planta baja 10/05/2023 PQ6657 I8.2 E5.4 2006 280964 31/12/2020 1 Libro